000 00331nam a22001337a 4500
020 _a1-4053-1654-3
082 _a030
_bDOR/I
100 _aDORLING KINDERSLEY
245 _aILLUSTRATED OXFORD DICTIONARY
260 _aUNITED KINGDOM
_bDORLING KINDERSLEY
_c2003
300 _a1008
650 _aDICTIONARY
_zUNITED KINGDOM
942 _cBK
999 _c2013
_d2013